[Event "USA-ch"]
[Site "Long Beach"]
[Date "1993.??.??"]
[Round "2"]
[White "Gurevich, Dmitry"]
[Black "Dzindzichashvili, Roman"]
[Result "1-0"]
[WhiteElo "2575"]
[BlackElo "2535"]
[Annotator "Ftacnik,L"]
[PlyCount "80"]
[EventDate "1993.12.??"]
[EventType "tourn"]
[EventRounds "11"]
[EventCountry "USA"]
[EventCategory "14"]
[SourceTitle "CBM 039"]
[Source "ChessBase"]
[SourceDate "1994.04.01"]
[SourceVersion "1"]
[SourceVersionDate "1994.04.01"]
[SourceQuality "1"]

1. d4 Nf6 2. c4 Nc6 3. Nc3 e5 4. d5 Ne7 5. e4 Ng6 6. Bd3 Bc5 7. h3 d6 8. Nge2
O-O (8... a6) 9. Na4 Bb4+ 10. Kf1 c6 11. a3 Ba5 12. b4 Bc7 13. Nac3 cxd5 14.
cxd5 Ne8 15. g3 f5 16. exf5 Bxf5 17. Bxf5 Rxf5 18. Ne4 Bb6 19. Ra2 {xf2} Nf6
20. N2c3 Nxe4 21. Nxe4 Qd7 22. Kg2 Raf8 23. Rf1 (23. Re1 Rf3 {/\ Nh4}) 23... h6
(23... Rf3 24. Ng5) 24. f3 (24. Qg4 $5 Qf7 $1 (24... Kh7 25. Ng5+ hxg5 26. Qh5+
Kg8 27. Qxg6) 25. Nxd6 Rxf2+ 26. Raxf2 Qxf2+ 27. Rxf2 Rxf2+ 28. Kh1 Rf1+ $10)
24... Ne7 25. Qb3 R5f7 26. a4 Nf5 27. a5 Bd4 28. Qa4 $6 Qd8 (28... Qxa4 29.
Rxa4 Rc7 30. Ra2 Rfc8 31. Bd2 Rc2 32. Rxc2 Rxc2 33. Rc1 Ne3+ 34. Kh2 Rxc1 35.
Bxc1 Nxd5 $10) 29. b5 Be3 30. Ba3 Bf4 $2 (30... Bd4 31. Bc1 Be3 32. Ba3 Bd4 $10
) 31. gxf4 Ne3+ 32. Kg1 Nxf1 33. Bxd6 $1 (33. Kxf1 $2 Rxf4 $132) 33... Rxf4 (
33... Re8 34. Kxf1 Rxf4 35. Qa3 Qh4 36. Kg2 $16) 34. Bxf8 Ng3 $5 (34... Qxf8 $2
35. Kxf1 Rxf3+ 36. Rf2 $18) 35. Bxg7 $5 Qc7 $1 (35... Kxg7 36. Rg2) (35... Nxe4
36. Bxe5 $18) (35... Qc8 36. Qd1 $1 Qxh3 (36... Nxe4 37. Bxe5 $18) 37. Rh2 $18)
36. Nf6+ Kf7 (36... Kxg7 $2 37. Ne8+) 37. Rc2 Ne2+ $2 (37... Qd8 $1 $13) 38.
Kf2 Nc3 39. Qb3 Rc4 40. d6 Qc5+ (40... Qc5+ 41. Kg2 Kxg7 42. d7 Qd4 43. Qxc4
Qxc4 44. d8=Q $18) 1-0

[Event "Gibraltar Masters 16th"]
[Site "Caleta"]
[Date "2018.01.23"]
[Round "1"]
[White "Vajda, Szidonia"]
[Black "Duda, Jan Krzysztof"]
[Result "0-1"]
[WhiteElo "2362"]
[BlackElo "2724"]
[Annotator "Ftacnik,L"]
[PlyCount "108"]
[EventDate "2018.01.23"]
[EventType "swiss"]
[EventRounds "10"]
[EventCountry "GGB"]
[SourceTitle "CBM 183"]
[Source "ChessBase"]
[SourceDate "2018.03.14"]
[SourceVersion "1"]
[SourceVersionDate "2018.03.14"]
[SourceQuality "1"]

1. d4 Nf6 2. Nf3 g6 3. g3 b6 {Nearly every sensible opening scheme or moves
have already been played in praxis, but players are actively searching for
lines that are less well known.} 4. Bg2 Bb7 5. c4 Bg7 6. O-O O-O 7. Nc3 Ne4 {
Black uses the exchange of the knight as a tool to fight against the idea of
White's preparation of the e2-e4 advance. Please note, that both black bishops
are playing to the maximum, but the pawn centre has not yet been defined.} 8.
Nxe4 Bxe4 9. Be3 c5 {The advance of the c-pawn is not the only idea that the
black position offers, but it clearly belongs to the most promissing setups.
Rarely have strong players tried to complicate matters with the move of the
d-pawn.} (9... d5 10. Rc1 Nc6 11. Qd2 Na5 (11... dxc4 12. Rxc4 Na5 13. Rcc1 Rc8
14. b4 Nb7 15. Rfd1 $6 (15. Bh6 $5 e6 16. Bxg7 Kxg7 17. Qf4 Nd6 18. Ne5 Bxg2
19. Kxg2 a6 20. Nc6 Qd7 $14) 15... e6 16. Bf1 $6 a5 17. a3 axb4 18. axb4 Nd6
19. Bg5 f6 20. Bh6 Bxh6 21. Qxh6 Nf5 22. Qf4 Bb7 $11 {1-0 (71) Bu,X (2675)
-Vachier Lagrave,M (2722) Khanty-Mansiysk 2011}) 12. cxd5 Bxd5 13. b3 Rc8 14.
Bh6 Qd6 15. Bxg7 Kxg7 16. Rc3 Bxf3 17. Bxf3 c5 18. Rfc1 e5 19. b4 Qxd4 20. Qxd4
exd4 21. R3c2 $11 {0-1 (68) Monin,N (2193)-Stefansson,H (2523) Prague 2018})
10. Qd2 d6 11. Bh6 {Vajda is certainly ahead in piece evelopment so the
exchange of the bishops is a logical strategic measure to exchange potentially
the most dangerous minor piece of Black.} (11. Rfd1 Nc6 12. d5 Bxf3 13. Bxf3
Ne5 14. Rac1 Nxf3+ 15. exf3 Qd7 16. b3 b5 17. cxb5 Qxb5 18. Rc4 Rfe8 19. h4 a5
20. Ra4 Reb8 21. Qc2 Qd7 $11 {1-0 (43) Kovalenko,I (2680)-Popov,I (2650) Minsk
2015}) (11. d5 Nd7 12. Bh6 Bxh6 13. Qxh6 Bxf3 14. exf3 Rb8 15. a4 a6 16. Rfe1
b5 17. axb5 axb5 18. cxb5 Rxb5 19. Re2 Nf6 20. Qd2 Rb4 21. f4 Rd4 22. Qe1 Re8
$15 {0-1 (46) Nagy,G (2470)-Vetoshko,V (2534) Slovakia 2017}) 11... Nd7 (11...
Nc6 12. Bxg7 Kxg7 13. d5 (13. Qe3 Bxf3 14. Bxf3 cxd4 15. Qd2 Qc7 16. Bxc6 Qxc6
17. Qxd4+ {½-½ (17) Miton,K (2609)-Anton Guijarro,D (2570) Linares 2013}) (
13. Rfd1 Bxf3 14. Bxf3 Nxd4 15. Bxa8 Qxa8 16. f3 e5 17. b4 cxb4 18. Kg2 a5 19.
Rac1 Rc8 20. Rf1 Rc6 21. e3 Ne6 $17 {0-1 (53) Garriga Cazorla,P (2386)-Akobian,
V (2633) Caleta 2017}) 13... Bxf3 14. Bxf3 Ne5 15. Bg2 (15. Qc3 b5 16. cxb5 Qb6
17. a4 a6 18. bxa6 Rfb8 19. Rfb1 Qb3 20. Be4 Kg8 21. f4 $16 {0-1 (40) Rosa,
C-Sunye Neto,J (2475) Rio de Janeiro 1991}) 15... Kg8 (15... b5 16. cxb5 Qb6
17. Qc3 Kg8 18. a4 a6 19. b4 Rfc8 20. Bh3 Rc7 21. bxc5 Rxc5 $11 {0-1 (48)
Fries,F (2319)-Sokolov,I (2625) Maastricht 2017}) 16. b3 b5 17. f4 Nd7 18. e4
Rb8 19. Rac1 (19. cxb5 Rxb5 20. Qe2 Qb6 21. Kh1 Rb4 22. e5 Rd4 23. Rad1 Rxd1
24. Rxd1 Qc7 25. Re1 {½-½ (25) Mikhalchishin,A (2480)-Psakhis,L (2535) Lvov 
(Ukraine) 1984}) 19... bxc4 20. bxc4 Rb4 21. Bh3 Qc7 22. e5 Nb6 23. Qe2 $14 {
½-½ (40) Karpov,A (2628)-Edouard,R (2636) Cap d'Agde 2015}) 12. Bxg7 Kxg7 13.
Qe3 {There is no consensus about how to handle this position, but White has to
realistically admit that an advantage is not in cards.} (13. Rfd1 Nf6 (13...
Qc7 14. Rac1 Qb7 15. b3 cxd4 16. Qxd4+ Nf6 17. Nh4 Rfc8 18. Bxe4 Qxe4 19. Qxe4
Nxe4 20. Ng2 Rc5 21. Ne3 $11 {½-½ (59) Esipenko,A (2445)-Eliseev,U (2601)
Moscow 2016}) 14. Rac1 (14. b3 Qc7 15. a4 Qb7 16. d5 a6 17. Qc3 b5 18. Nd2 Bxg2
19. Kxg2 bxc4 (19... Kg8 20. e4 Nd7 (20... bxc4 21. bxc4 Qb4 22. Qd3 Qa5 $11)
21. h4 (21. f4 Rfb8 22. Ra2 bxc4 23. bxc4 Qb4 24. Qe3 $13) 21... Rfb8 22. Rdb1
$11 {1-0 (56) Istratescu,A (2651)-Edouard,R (2680) Nancy 2013}) 20. bxc4 Rab8
21. Rdb1 Qc7 22. Ne4 Rxb1 23. Rxb1 Rb8 $11 {½-½ (35) Ruck,R (2529)-Medvegy,Z
(2539) Budapest 2017}) 14... Qc7 (14... Qd7 15. Ne1 Bxg2 16. Nxg2 Rfc8 17. b3
cxd4 18. Qxd4 Rc5 19. f3 Rac8 20. e4 b5 21. Ne3 $11 {½-½ (55) Zoler,D (2506)
-Stupak,K (2565) Israel 2018}) 15. Ne1 (15. Nh4 Bxg2 16. Nxg2 Qb7 17. Nf4 cxd4
18. Nd5 Nxd5 19. cxd5 Qxd5 20. Qxd4+ Qxd4 21. Rxd4 Rfc8 $17 {0-1 (60) Bellia,F
(2444)-Short,N (2688) Abu Dhabi 2017}) (15. Bf1 Bxf3 16. exf3 e5 17. dxe5 dxe5
18. Qd6 Qxd6 19. Rxd6 Rfd8 20. Rcd1 Rxd6 21. Rxd6 Re8 $11 {½-½ (60) Velikov,
P (2422)-Wirig,A (2498) Haguenau 2013}) 15... Bxg2 {½-½ (15) Ruck,R (2533)
-Romanov,E (2626) Tegernsee 2017} (15... Rad8 16. f3 Bb7 17. d5 b5 18. b3 bxc4
19. bxc4 e5 20. Nd3 Nd7 21. e4 Rde8 22. f4 Ba6 23. Re1 f6 24. Rc2 Nb6 $11 {
1-0 (56) Zherebukh,Y (2632)-Ipatov,A (2662) Saint Louis 2017})) (13. Rad1 Nf6
14. Rfe1 Qc7 15. d5 b5 16. Qc3 Qb7 17. Nd2 b4 18. Qb3 Bxg2 19. Kxg2 e5 20. e4
Nh5 21. Nf3 Qd7 $15 {0-1 (57) Herraiz Hidalgo,H (2488)-Bruzon Batista,L (2641)
La Laguna 2010}) (13. Ne1 Bxg2 14. Nxg2 Nf6 15. b3 (15. Ne3 e5 16. dxe5 dxe5
17. Rad1 (17. Qc2 Qe7 18. Rad1 Rad8 19. Nd5 Nxd5 20. Rxd5 Rxd5 21. cxd5 e4 22.
Rd1 Rd8 23. Qd2 Rd6 24. b4 Qe5 25. bxc5 bxc5 $11) 17... Qxd2 18. Rxd2 Rfd8 19.
Rxd8 ({Or} 19. Rfd1 Rd4 20. f3 Rad8 21. Nf1 Ne8 22. e3 Rxd2 23. Rxd2 Rd6 24.
Kf2 $11) 19... Rxd8 20. Rd1 $11 {½-½ (35) Kozionov,K (2440)-Popov,I (2648)
Kolomna 2016}) 15... d5 16. dxc5 dxc4 17. Qc3 cxb3 18. axb3 bxc5 19. Qxc5 Qb6
20. b4 Rfb8 21. Qxe7 Rb7 22. Qc5 Qxb4 23. Qxb4 Rxb4 24. Ra5 $14 {½-½ (51)
Petr,M (2542)-Naroditsky,D (2559) Teplice 2014}) (13. Qc3 Nf6 14. b3 (14. Rad1
Qc7 15. b3 Rab8 16. d5 b5 17. Nd2 Bxg2 18. Kxg2 Kg8 19. Rfe1 a5 20. e4 Nd7 21.
f4 f6 22. h4 $14 {0-1 (60) Mascaro March,P (2387)-Viterbo Ferreira,J (2499)
Barcelona 2017}) 14... Qc7 15. d5 Bxf3 16. exf3 Rab8 17. Rfe1 Rfe8 $14 {
½-½ (17) Kharitonov,A-Gulko,B (2490) Tallinn (Estonia) 1983}) (13. d5 b5 (
13... a6 14. Bh3 Bxf3 15. exf3 b5 16. b3 Rb8 17. Rfe1 Rb7 18. Re3 Re8 19. Rae1
Nf6 20. g4 Kg8 21. f4 bxc4 22. bxc4 Qb8 23. R1e2 $14 {[%csl Re7] ½-½ (68)
Esen,B (2528)-McShane,L (2683) Aix les Bains 2011}) 14. Nd4 (14. cxb5 Nf6 15.
Ne1 Bxg2 16. Nxg2 Qb6 17. a4 a6 18. bxa6 Rxa6 19. Ne3 $14) 14... Bxg2 15. Nc6
Qc7 16. Kxg2 bxc4 17. Rac1 Nb6 18. e4 e6 19. Na5 exd5 20. exd5 Nxd5 21. Rxc4
Nb6 $15 {0-1 (39) Bates,R (2346)-Van Kampen,R (2617) England 2015}) 13... Nf6
14. Rfd1 Rb8 {The first truly independent move in the game, Duda will try to
organize some active play on the queenside.} (14... Qc8 15. Bf1 Re8 16. Nh4
cxd4 17. Rxd4 Bb7 18. Rad1 Qc5 19. Bh3 Rad8 20. b3 e5 21. Nf5+ gxf5 22. Qg5+
Kf8 23. Rh4 {½-½ (31) Panelo Munoz,M (2386)-Viterbo Ferreira,J (2499)
Barcelona 2017} Re6 $11) 15. Rac1 Qc7 16. Nh4 {The lady with the white pieces
would surely not mind the sharing of a point and it influenced the haste with
the exchange of the e4-bishop.} (16. b3 e5 $11) 16... Bxg2 17. Kxg2 Rfc8 18. b3
a6 19. h3 Qb7+ 20. Nf3 Rc7 {It could be courageous to criticise this move, but
Black is probably missing a chance to make the position more lively with
partial opening of the centre with a pawn exchange on d4.} (20... cxd4 $5 21.
Rxd4 b5 $15) 21. d5 b5 22. Qd3 Re8 23. e4 e6 24. Re1 {White plays conservative
chess keeping the position symmetrical. Very interesting was the move 24.dxe6
leaving Black with a backward d6-pawn.} (24. dxe6 $5 Nxe4 (24... Rxe6 25. Ng5
Re5 26. f4 Re8 27. Qc3 Rd7 28. g4 b4 29. Qb2 Rxe4 30. Nxe4 Qxe4+ 31. Kg3 Qe3+
32. Kg2 $11) 25. exf7 Rxf7 26. Re1 $11) 24... Rce7 25. Qc3 exd5 26. exd5 h6 (
26... Rxe1 27. Rxe1 Rxe1 28. Qxe1 $11) 27. Rxe7 Rxe7 28. Re1 Rxe1 29. Nxe1 {
Two different moves are very rarely completely equal in strength. The computer
is pleading for recapturing with the queen leaving the position completely
equal.} (29. Qxe1 $5 bxc4 30. bxc4 Qb2 31. Qd2 Qb1 32. Qc3 Qe4 (32... Qxa2 $2
33. Nd2 Kg8 34. Qxf6 Qxd2 35. Qxd6 $16) 33. Kh2 $11) 29... Qe7 30. Nf3 (30. Kf1
Qe4 31. h4 b4 $15) (30. a4 b4 31. Qd2 Qe4+ $15) 30... Qe4 (30... b4 31. Qb2 Qe4
32. a3 bxa3 (32... g5 $15) 33. Qxa3 Qc2 $15) 31. a3 g5 32. Kf1 (32. a4 b4 33.
Qd2 Kg6 $15) 32... Kg6 33. h4 $2 {The white position was already less pleasant
and the nervous attempt to exchange h-pawns will be costly. The alternative
pawn move on the g-file was much more promising.} (33. g4 $1 b4 34. axb4 cxb4
35. Qe3 Qxe3 36. fxe3 Ne4 37. Nd4 $11) 33... b4 $1 34. axb4 cxb4 35. Qe3 (35.
Qxb4 Qxf3 36. Qxd6 Qxb3 37. Qxa6 gxh4 38. gxh4 Qd1+ 39. Kg2 Qg4+ $19) 35...
Qxe3 36. fxe3 g4 $2 {[%mdl 4096] Nobody is perfect and in possibe time trouble
Black is seriously misjudging the consequences of the attempt to keep the
g-pawns alive. The natural centralisation of the knight would promise Black
great winning chances.} (36... Ne4 $1 37. hxg5 hxg5 38. Ke1 Kf5 39. Nd2 Nc5 40.
Ke2 Kg4 41. Kf2 a5 $19) 37. Nd4 $2 {It seems that both players were opeanting
under the impression that the retreat of the knight to d2 would be too passive.
Actually it was the right defence reducing the advantage of Black to a minimum.
} (37. Nd2 $1 Kf5 38. Ke2 Ke5 39. Kd1 Nh5 $15) 37... Ne4 38. Nc6 Nd2+ 39. Ke2
Nxb3 40. Nxb4 a5 41. Na2 a4 42. Nc3 a3 {Knight endgames have a very similar
character to pawn ones. It means that the presence of the remote passed pawns
is very bad news for the defender.} 43. Kd3 Kf5 44. Kc2 (44. e4+ Ke5 45. Ke3
Nc5 46. Na2 Nxe4 $19) 44... Na5 45. Kd3 Ke5 46. Na2 f5 {Duda has an excellent
feeling for the initiative and he is preparing a tactical solution with a
knight sacrifice. The engine would prefer to reroute the black knight to c5
with the threat to go to e4.} (46... Nb7 47. Nc3 Nc5+ 48. Kc2 f5 49. h5 a2 50.
Kb2 Nb3 51. Kxa2 Nd2 52. c5 dxc5 53. Kb2 Nc4+ 54. Kc1 Nxe3 $19) 47. Nc3 h5 48.
Na2 Nxc4 $1 49. Kxc4 Ke4 50. Kb3 (50. Kb5 Kxe3 51. Kc6 f4 52. gxf4 (52. Kxd6
fxg3 53. Ke6 g2) 52... g3 $19) 50... Kxe3 51. Nb4 f4 $1 {The knight can not
really influence the race towards a queen on the kingside.} (51... Kf2 52. Nc2
Kxg3 53. Nxa3 Kh3 54. Nc4 g3 $19) 52. Nc2+ Kf2 53. gxf4 g3 54. f5 g2 0-1

[Event "Candidates FIDE sf2"]
[Site "Sanghi Nagar"]
[Date "1994.??.??"]
[Round "6"]
[White "Gelfand, Boris"]
[Black "Kramnik, Vladimir"]
[Result "1/2-1/2"]
[WhiteElo "2680"]
[BlackElo "2725"]
[Annotator "Gelfand,B"]
[PlyCount "151"]
[EventDate "1994.07.??"]
[EventType "match"]
[EventRounds "8"]
[EventCountry "IND"]
[SourceTitle "CBM 042"]
[Source "ChessBase"]
[SourceDate "1994.10.01"]
[SourceVersion "1"]
[SourceVersionDate "1994.10.01"]
[SourceQuality "1"]

1. c4 {Atlas} Nf6 2. d4 c6 3. Bf4 Qb6 $5 4. Qd2 (4. b3 d5) 4... Ne4 5. Qc2 d5 (
5... Qxd4 $4 6. e3 $18) 6. f3 $1 $146 (6. e3 Bf5 7. Qb3 e6 8. Nc3 Bb4 9. f3
Nxc3 10. bxc3 Be7 11. c5 Qa5 12. Ne2 b6 {Anastasian-Sideif Zade/Azov/1991/}) (
6. cxd5 $2 Qxd4) 6... e5 (6... Qb4+ $2 7. Nc3 Nxc3 8. bxc3 Qxc4 9. e4 $18) (
6... Qa5+ 7. Nd2 Nxd2 8. Bxd2 Qd8 (8... Qb6 9. e3 $14) 9. e4 dxe4 10. Bc3 e3
11. O-O-O $44) (6... Nf6 $142 7. e3 g6 8. Nc3 Bg7 9. Bd3 $5 O-O 10. Nge2 $14)
7. Bxe5 Qa5+ 8. Nc3 Nxc3 9. bxc3 dxc4 (9... Nd7 10. Bf4 dxc4) 10. e4 b5 11. Ne2
b4 $6 (11... Nd7 $142 12. Bf4 Nb6 13. Ng3 (13. Bd2 $5 Qa4 14. Qb1 Be7 15. Ng3
O-O 16. Be2 $16 {/+/=}) 13... Qa4 $5 $132 (13... Na4 14. Bd2 Be7 15. Be2 O-O
16. O-O $14)) 12. Bf4 (12. cxb4 Bxb4+ 13. Kf2 O-O 14. Qxc4 Nd7 (14... Be6 15.
Qc2 Nd7 16. Bg3 $16) 15. Bf4 (15. Bc7 $5 Nb6 16. Qxc6 $143 $44) 15... Nb6 16.
Qc2 f5 $44 {/+/=}) 12... Na6 (12... Nd7 13. Bd2 $14) 13. Kf2 Be7 (13... b3 14.
Qb1 $16) (13... bxc3 14. Nxc3 Nb4 15. Qd2 Ba6 $14) 14. Ng3 Be6 15. Nf5 Bxf5 16.
exf5 O-O (16... b3 17. Qe4 $18) (16... bxc3 17. Bxc4 O-O {-game}) (16... Qd5
17. Re1 $18) 17. Bxc4 Bf6 (17... bxc3 18. Rhe1 Bf6 19. Be5 Nc7 20. Bxf6 (20.
Re3 $1 $16) 20... gxf6 21. Re3 (21. Re4 $5 Kh8 $13) 21... Nd5 22. Bxd5 Qxd5 23.
Rd1 c5 $14) 18. Rhe1 (18. Qd3 Nc7 19. cxb4 (19. Bd6 bxc3 $1 (19... Rfd8 20.
Bxb4 Bxd4+ 21. Qxd4 $1 $18) 20. Bxf8 Rxf8 $16) 19... Qb6 $14) 18... bxc3 (18...
Nc7 19. Be5 $16) 19. Be5 Bxe5 20. Rxe5 Qa3 (20... Qb6 21. Qxc3 $16) 21. Rc1 (
21. Bxa6 Qxa6 22. Qxc3 Rad8 23. a4 $16) 21... Nc7 22. Qxc3 Qd6 23. Kg1 (23. a4
$5 Rad8 (23... Rab8) 24. Bb3) (23. Be2 Rad8 (23... Nb5 $5) 24. Qc5 Qh6 25. Qxc6
Qh4+ 26. Kf1 Ne8) 23... Rad8 24. a4 Nd5 (24... Qxd4+ 25. Qxd4 Rxd4 26. Rc5 $18
(26. Re7 $18)) 25. Bxd5 cxd5 26. Qc5 Qa6 27. Qb5 Qh6 28. Rd1 Qd6 (28... Qf4 29.
Rxd5 Qe3+ 30. Kh1 Rb8 31. Qf1 $16) 29. Rde1 Qa3 30. Qa5 Rd7 31. Qb5 Qd6 (31...
Rdd8 $142 $138) 32. Rc1 (32. h3 $16) (32. Qc5 $1) 32... h6 (32... Qh6 33. Rc6 (
33. Rce1 Qd6 34. h3 $16) 33... Qd2 34. Qc5 f6 35. Rc8 Rdd8 36. Rxd8 Rxd8 37.
Re7 Rb8 $132) 33. Qc5 Qa6 34. Qb5 Qd6 35. h4 Rfd8 (35... Rb8 36. Qc5 (36. Qc6
Qb4 37. Rxd5 Rxd5 38. Qxd5 Qd2 $132) (36. Qe2 $1) 36... Qf6) 36. Rc5 Qb6 37.
Kh2 Qf6 38. Kg3 (38. Kh3 $5) 38... a6 39. Qc6 (39. Qa5 Qd6 40. Kh3 f6 $1) 39...
Rd6 40. Qc7 R6d7 41. Qc6 Rd6 42. Qb7 R6d7 43. Qb3 Qd6 44. Kh3 Kh7 (44... f6 45.
Re1 (45. Re6 Qf4 46. Qd3 Rb7 47. g3 $140 Rb3 $1) 45... Qf4 46. Qd3 $18) 45. g3
Kg8 46. h5 $2 {xg5} (46. a5 $1 Kh7 (46... Kf8 47. Qc3 $18) 47. Qb6 Qxb6 48.
axb6 Rb7 49. Rc7 Rxc7 50. bxc7 Rc8 51. Re7 a5 52. Rxf7 a4 53. Rd7 a3 54. Rxd5
Rxc7 55. Ra5 $18) 46... Kh8 (46... Qf6 $5) 47. Kg2 Kh7 48. Kh2 Kg8 49. Kh3 Kh8
50. Kh2 Kg8 51. Kg2 Kh7 52. a5 Kg8 53. Qa2 Kh7 54. Kh3 Kg8 55. Kh2 Kh7 56. Kg2
Kg8 57. Kh2 Kh7 58. Kh3 Kg8 59. Qb3 Kh7 60. Kh2 (60. Qb6 $1 $18) 60... Kg8 61.
Kh3 Qf6 $1 (61... Qf8 62. Rexd5 Rb8 63. Qc4 $18) (61... Kh7 62. Qb6 Qxb6 (62...
Kg8 63. Qxd6 Rxd6 64. Rc7 Rf6 65. g4 g6 66. hxg6 fxg6 67. Re6 Rdf8 68. Ree7 $18
) 63. axb6 Rb7 64. Rc7 Rd7 65. Rc8 Rxb6 66. Ree8 g6 67. Rh8+ Kg7 68. Rcg8+ Kf6
69. fxg6 $18) (61... Kf8 62. Qc3 Qf6 (62... Qb8 63. Rc6 Qb1 64. Qc5+ Kg8 65.
Rc8 Kh7 (65... Qf1+ 66. Kg4 Qc4 67. Re8+ Rxe8 68. Rxe8+ Kh7 69. Qf8 $18) 66.
Kg4 $18 (66. Rxd8 Rxd8 67. Rxd5 $18)) 63. Rc6 Qg5 (63... Rd6 64. Rxd6 Qxd6 65.
Qc5 $18) 64. f6 $18) 62. Rcxd5 (62. f4 $5 Kh7 63. Rexd5 Rxd5 64. Rxd5 Rxd5 65.
Qxd5 Qe7 $132) (62. Rexd5 Qg5 63. g4 Rxd5 (63... Qf4 $2 64. Rxd7 Rxd7 65. Rc8+
Kh7 66. Rc4 Rxd4 (66... Re7 67. d5 Qd2 68. Qc2 $18) 67. Rxd4 Qxd4 68. Qxf7 $18)
64. Rxd5 Rxd5 (64... Rf8 $16) 65. Qxd5 Qc1 $132 (65... Qf4 $2 66. Qa8+ Kh7 67.
Qe4 $18)) 62... Qc6 $1 (62... Rxd5 63. Rxd5 Re8 64. Re5 Rd8 65. Qe3 (65. Qa4 $5
Kf8) 65... Qc6 66. Qe4 Qa4 67. Rd5 Re8 68. Qf4 Qd1 69. f6 $40) (62... Qg5 63.
Rxd7 Rxd7 (63... Qxh5+ 64. Kg2 Rxd7 65. g4 Qg5 66. Re8+ Kh7 67. Qb8 g6 68. Qe5
$18) 64. f6 $1 (64. Qb8+ Kh7 65. f6 Qc1 $132) 64... Qxf6 65. Qb8+ Kh7 (65...
Rd8 66. Re8+ Rxe8 67. Qxe8+ Kh7 68. Qe4+ Kg8 69. d5 Qd8 70. Qe5 Qxa5 71. Qe8+
Kh7 72. Qxf7 Qd2 73. Qe6 Qd1 74. Kg4 $18) 66. Qb1+ g6 67. Qe4 Kg7 68. hxg6 Qxg6
69. Rd5 $1 Rxd5 70. Qxd5 Qd3 71. Kg4 $18) 63. Rxd7 Qxd7 64. Qb6 Kh7 65. g4 f6
66. Re4 Qc8 (66... Qd5 67. Qxa6 Ra8 68. Qe6 Qxa5 69. Qf7 Qa1 70. Qg6+ Kh8 71.
Re8+ $16) 67. Re7 (67. d5 $5 Qc1 $1 $8 (67... Rxd5 $2 68. Re7 Qf8 (68... Qc1
69. Rxg7+ Kxg7 70. Qb7+ Kf8 71. Qxd5 Qh1+ 72. Kg3 Qg1+ 73. Kf4 Qc1+ 74. Ke4
Qe1+ 75. Kd4 Qd2+ 76. Kc5 Qxa5+ 77. Kc6 $18) (68... Qc4 69. Qa7 Kh8 70. Kg3 $1
$18) (68... Rd3 69. Qxf6 Rxf3+ 70. Kh4 $18) 69. Rb7 $18) 68. Re7 Qf4 {game}) (
67. Qc5 Qb7 68. Qe7 Qb3 69. Re3 Qd5 $132) 67... Qc1 $3 (67... Qc3 68. Kg3 Rxd4
69. Qb7 Kh8 70. Re8+ Kh7 71. Qb8 $18) 68. d5 (68. Qxd8 Qh1+ 69. Kg3 Qxf3+ $3
$10) (68. Rxg7+ Kxg7 69. Qxd8 Qh1+ 70. Kg3 Qg1+ 71. Kf4 Qc1+ 72. Ke4 Qc6+ $1
73. Qd5 Qc2+ $10) 68... Qf4 69. Kg2 Rc8 $1 (69... Rb8 70. Qxf6 $18) 70. Qxa6
Rc3 71. Qe2 Qc1 72. Qf2 Qd1 73. Re1 Qxd5 74. Ra1 (74. a6 Ra3 75. a7 Qa5 $10)
74... Rd3 75. Ra2 Rxf3 76. Qxf3 1/2-1/2

[Event "Tel Aviv ASA"]
[Site "Tel Aviv"]
[Date "1996.??.??"]
[Round "5"]
[White "Lev, Ronen"]
[Black "Kogan, Artur"]
[Result "1-0"]
[WhiteElo "2465"]
[BlackElo "2475"]
[Annotator "Har Zvi,R"]
[PlyCount "55"]
[EventDate "1996.08.??"]
[EventType "tourn"]
[EventRounds "9"]
[EventCountry "ISR"]
[EventCategory "8"]
[SourceTitle "CBM 055 Extra"]
[Source "ChessBase"]
[SourceDate "1997.01.01"]
[SourceVersion "1"]
[SourceVersionDate "1997.01.01"]
[SourceQuality "1"]

1. d4 Nf6 2. c4 b6 $6 {quite a dubious move,giving white control over the
center of the board} 3. f3 {another possibility is 3.Nc3 Bb7 4.f3} e6 (3... c5
4. d5 g6 (4... d6 5. e4 e5 6. Bd3 Be7 7. Ne2 O-O 8. Be3 Ne8 9. Qd2 a6 10. Nbc3
Nc7 11. O-O $16 {Lalic,B-Schroedeer,J Berlin op 1988}) 5. e4 d6 6. Nc3 Bg7 7.
Bg5 O-O 8. Qd2 Nbd7 9. Nh3 Ne5 10. Nf2 Ba6 11. b3 $14 {Kunsztowicz,U-Keene,R
Dortmund 1973}) (3... Nc6 4. Nc3 e5 5. d5 Ne7 6. e4 Ng6 7. Be3 Bb4 8. Nge2 O-O
9. a3 Bxc3+ 10. Nxc3 d6 11. Qd2 Nd7 12. Bd3 Nc5 13. Bc2 a5 14. O-O $16 {
Xu Jun-Shadarevian,M Dubai Olm 1986}) (3... d5 4. cxd5 Qxd5 5. e4 Qd7 6. Nc3
Bb7 7. Be3 e6 8. Bc4 Be7 9. Nge2 O-O 10. O-O $14 {Karolyi,T-Horn,Pa Geneve 1989
}) 4. e4 d5 (4... d6 5. Nc3 c5 6. d5 exd5 7. cxd5 g6 8. Bg5 Bg7 9. Bb5+ Bd7 10.
Bd3 a6 11. a4 Bc8 12. Nge2 Nbd7 13. Ng3 h6 14. Be3 $14 {Horvath,J-Petran,Pa
Budapest 1996}) 5. cxd5 exd5 6. e5 Nfd7 7. f4 c5 (7... Bb4+ 8. Bd2 Bxd2+ 9.
Nxd2 O-O 10. Ngf3 c5 11. Bd3 h6 12. O-O $14 {/+/- Marian,R-Jurasin,M BL 8182
1982}) 8. Nf3 Nc6 (8... Bb7 9. Nc3) 9. Nc3 cxd4 (9... Bb7) 10. Nxd4 Nxd4 11.
Qxd4 Bb7 12. Be3 (12. Nxd5 $2 Bc5 13. Qe4 O-O 14. Bd3 (14. Nf6+ $2 Qxf6 $1 15.
Qxb7 Nxe5 $19) 14... g6 15. Bc4 Re8 $1 $40) 12... Bc5 13. Qd2 O-O 14. O-O-O Rc8
15. Kb1 Bb4 16. Bd4 Nc5 17. Qe3 Ne6 18. Nb5 Bc5 $2 (18... a6 $6 19. a3 $8 (19.
Bxb6 $4 d4 $1 $19) (19. Na7 Ra8 20. Bxb6 d4 $1 21. Bxd8 dxe3 22. Bb6 Bd2 $1 $19
(22... Nxf4 23. Bxe3 Nxg2 $17 {/-+}))) 19. Bxc5 bxc5 20. Nd6 Rb8 (20... d4 21.
Qc1 $1 Rc7 22. f5 Ng5 23. Nxb7 Rxb7 24. Bd3 $1 $18 {with h4 or Qxc5 seems
strong enough} (24. Qxc5 $4 Ne4 25. Qxd4 Nc3+ 26. Qxc3 Qxd1+ 27. Qc1 Qxc1+ 28.
Kxc1 Rc7+ 29. Kb1 Rc5 $17 {/-+})) 21. f5 Nd4 22. f6 Qb6 $4 {a terrible blunder
losing immediately although any way black's is very bad} (22... Qa5) (22...
gxf6 $4 23. Rxd4 $1 cxd4 24. Qh6 $18) 23. Rxd4 Bc8 24. Rd2 gxf6 25. exf6 Bf5+
26. Nxf5 Qxf6 27. Ne7+ Kh8 28. Nxd5 1-0